| 000 -LEADER |
| fixed length control field |
00461cam a22001577a 4500 |
| 008 - FIXED-LENGTH DATA ELEMENTS--GENERAL INFORMATION |
| fixed length control field |
180718b2007 xxu||||| |||| 00| 0 eng d |
| 020 ## - INTERNATIONAL STANDARD BOOK NUMBER |
| International Standard Book Number |
1405152400 |
| 082 ## - DEWEY DECIMAL CLASSIFICATION NUMBER |
| Classification number |
C41 M279 |
| 100 ## - MAIN ENTRY--PERSONAL NAME |
| Personal name |
Mohaney, Jack |
| 245 ## - TITLE STATEMENT |
| Title |
Challenge of human rights: origin, development, and significance |
| Statement of responsibility, etc. |
by Jack Mohaney |
| 260 ## - PUBLICATION, DISTRIBUTION, ETC. |
| Place of publication, distribution, etc. |
Malden |
| Name of publisher, distributor, etc. |
Blackwell |
| Date of publication, distribution, etc. |
2007 |
| 300 ## - PHYSICAL DESCRIPTION |
| Extent |
215p. |
| 650 ## - SUBJECT ADDED ENTRY--TOPICAL TERM |
| Topical term or geographic name entry element |
Human rights --Philosophy |
| 650 ## - SUBJECT ADDED ENTRY--TOPICAL TERM |
| Topical term or geographic name entry element |
Human rights --History |
| 650 ## - SUBJECT ADDED ENTRY--TOPICAL TERM |
| Topical term or geographic name entry element |
Human rights |